[Event "AUT-ch U18"]
[Site "St Veit"]
[Date "2018.03.29"]
[Round "7"]
[White "Goller, Alexander"]
[Black "Toelly, Michael"]
[Result "1/2-1/2"]
[WhiteElo "1968"]
[BlackElo "2145"]
[PlyCount "80"]
[EventDate "2018.03.25"]
[EventType "swiss"]
[EventRounds "7"]
[EventCountry "AUT"]
[SourceTitle "EXT 2019"]
[Source "ChessBase"]
[SourceDate "2018.10.10"]
[SourceVersion "1"]
[SourceVersionDate "2018.10.10"]
[SourceQuality "1"]

1. d4 d5 2. c4 e6 3. Nf3 Nf6 4. g3 dxc4 5. Bg2 a6 6. a4 Nc6 7. 0-0 Rb8 8. a5 Bb4 9. Bd2 Bxd2 10. Qxd2 b5 11. axb6 cxb6 12. Ne5 Nxe5 13. dxe5 Nd5 14. Rd1 Bb7 15. Nc3 Qe7 16. Nxd5 exd5 17. Bxd5 Bxd5 18. Qxd5 0-0 19. Qd6 Qb7 20. e6 Rbe8 21. Qd5 Qe7 22. Qxc4 b5 23. Qe4 Qxe6 24. Qxe6 Rxe6 25. e3 Rc8 26. Kf1 Kf8 27. Ke2 Rc2+ 28. Rd2 Rxd2+ 29. Kxd2 Rc6 30. e4 Ke7 31. Kd3 g5 32. f4 gxf4 33. gxf4 Rh6 34. b4 Rxh2 35. Rxa6 Rb2 36. Kc3 Rf2 37. Rb6 Rxf4 38. Rxb5 Rxe4 39. Rh5 Kd6 40. Rxh7 f5 1/2-1/2